LDR 00882naa#a2200169#i#450# 001 RU\\bibl\121989 005 20260512083102.2 011 ## _a2687-0185 100 ## _a20260319b2026####ek#y0rusy0150####ca 102 ## _aRU 200 1# _aТехнические средства надзора как инструмент обеспечения непенитенциарного режима: теоретико-прикладные аспекты _eЖурнальная статья 210 1# _aМосква _cМосковский университет МВД России имени В.Я. Кикотя _d2026 215 ## _a5 с. 608 ## _aЖурнальная статья _2local 675 ## _aКаторжные работы. 343.813 _aНаказания. Воспитательные меры. 343.24 _z 700 #1 _aМякишев _gАлександр Сергеевич 856 4# _amosumvd.editorum.ru _u